Croghan family papers, (Record no. 39808)
[ view plain ]
| 000 -LEADER | |
|---|---|
| fixed length control field | 01569cpcaa2200337 a 4500 |
| 001 - CONTROL NUMBER | |
| control field | mm 78017293 |
| 003 - CONTROL NUMBER IDENTIFIER | |
| control field | DLC |
| 005 - DATE AND TIME OF LATEST TRANSACTION | |
| control field | 20260227111622.0 |
| 008 - FIXED-LENGTH DATA ELEMENTS--GENERAL INFORMATION | |
| fixed length control field | 790327|||||||||||| eng |
| 010 ## - LIBRARY OF CONGRESS CONTROL NUMBER | |
| LC control number | mm 78017293 |
| NUCMC control number | ms 67000594 |
| 040 ## - CATALOGING SOURCE | |
| Original cataloging agency | DLC |
| Transcribing agency | DLC |
| Modifying agency | DLC |
| Description conventions | dacs |
| 072 #7 - SUBJECT CATEGORY CODE | |
| Subject category code | C |
| Source | lcmd |
| 245 00 - TITLE STATEMENT | |
| Title | Croghan family papers, |
| Inclusive dates | 1789-1848. |
| 300 ## - PHYSICAL DESCRIPTION | |
| Extent | 180 |
| Type of unit | items. |
| 300 ## - PHYSICAL DESCRIPTION | |
| Extent | 1 |
| Type of unit | container. |
| 506 0# - RESTRICTIONS ON ACCESS NOTE | |
| Terms governing access | Open to research. |
| 520 8# - SUMMARY, ETC. | |
| Summary, etc. | Notes of land warrants, land surveys, copies of wills, and legal papers of Gen. William Croghan (1752-1823), Virginia planter and soldier who later moved to Kentucky, and his son, Col. George Croghan (1791-1849), a hero in the War of 1812; together with papers of two other sons, Charles Croghan and Dr. John Croghan (1790-1849), and the George Rogers Clark family to whom the Croghan family was related. |
| 546 ## - LANGUAGE NOTE | |
| Language note | Collection material in English. |
| 600 10 - SUBJECT ADDED ENTRY--PERSONAL NAME | |
| Personal name | Clark, George Rogers, |
| Dates associated with a name | 1752-1818. |
| 600 30 - SUBJECT ADDED ENTRY--PERSONAL NAME | |
| Personal name | Clark family. |
| 600 30 - SUBJECT ADDED ENTRY--PERSONAL NAME | |
| Personal name | Croghan family. |
| 650 #0 - SUBJECT ADDED ENTRY--TOPICAL TERM | |
| Topical term or geographic name entry element | Land tenure |
| Geographic subdivision | Kentucky. |
| 650 #0 - SUBJECT ADDED ENTRY--TOPICAL TERM | |
| Topical term or geographic name entry element | Land tenure |
| Geographic subdivision | Virginia. |
| 651 #0 - SUBJECT ADDED ENTRY--GEOGRAPHIC NAME | |
| Geographic name | United States |
| General subdivision | History |
| Chronological subdivision | War of 1812. |
| 700 1# - ADDED ENTRY--PERSONAL NAME | |
| Personal name | Croghan, Charles. |
| Title of a work | Charles Croghan papers. |
| 700 1# - ADDED ENTRY--PERSONAL NAME | |
| Personal name | Croghan, George, |
| Dates associated with a name | 1791-1849. |
| Title of a work | George Croghan papers. |
| 700 1# - ADDED ENTRY--PERSONAL NAME | |
| Personal name | Croghan, John, |
| Dates associated with a name | 1790-1849. |
| Title of a work | John Croghan papers. |
| 700 1# - ADDED ENTRY--PERSONAL NAME | |
| Personal name | Croghan, William, |
| Dates associated with a name | 1752-1823. |
| Title of a work | William Croghan papers. |
No items available.